MARC

LEADER 00000nam0a2200000 4500
001 186788
005 20231101224019.0
010 |b 200 экз. 
035 |a (RuTPU)RU\TPU\book\202654 
090 |a 186788 
100 |a 20101102d1928 k y0rusy50 ca 
101 0 |a rus 
102 |a RU 
105 |a a j 001zy 
200 1 |a Конспект лекций по технологии металлов  |h Ч. 1  |f Т. И. Тихонов  |g Сибирский технологический институт им. Ф. Э. Дзержинского 
210 |a Томск  |c Изд-во Книжного кооператива студентов С.Т.И.  |d 1928 
215 |a 144 с.  |c табл. 
300 |a Стеклогр. изд. 
320 |a Библиогр.: с. 144 
606 1 |a Технология металлов  |2 stltpush  |3 (RuTPU)RU\TPU\subj\60152  |9 77641 
610 1 |a металлы 
610 1 |a лекции 
610 1 |a свойства 
610 1 |a теплопроводность 
610 1 |a горючие материалы 
610 1 |a коксование 
610 1 |a нефть 
610 1 |a газы 
610 1 |a руды 
610 1 |a плавка 
610 1 |a домны 
610 1 |a устройство 
610 1 |a пудлинговые процессы 
610 1 |a труды учёных ТПУ 
610 1 |a коллекция ТПУ 
675 |a 621.7/.9  |v 3 
700 1 |a Тихонов  |b Т. И.  |c российский ученый в области механической технологии  |c профессор ТТИ  |f 1875-1932  |g Тихон Иванович  |2 stltpush  |3 (RuTPU)RU\TPU\pers\21855  |9 9193 
712 0 2 |a Сибирский технологический институт (СТИ)  |c (Томск)  |c (1923-1930)  |2 stltpush  |3 (RuTPU)RU\TPU\col\5002 
801 1 |a RU  |b 63413507  |c 20101102 
801 2 |a RU  |b 63413507  |c 20200120  |g RCR 
942 |c BK